| 000 | 00828nas a2200253 4500 | ||
|---|---|---|---|
| 001 | BR8805330 | ||
| 003 | BR-BrBNA | ||
| 005 | 20231205091304.0 | ||
| 007 | ta | ||
| 008 | 230509b bl.|||p| |||| 00| 00por d | ||
| 040 |
_aBR-BrBNA _bpor _cBiblioteca Nacional de Agricultura |
||
| 041 | _a(Pt) | ||
| 072 | _aH20 | ||
| 100 | 1 | _aBoneti, J.I. da S. | |
| 100 | 1 | _aKatsurayama, Y. | |
| 245 | 1 | _aEficiencia da aplicacao de fungicidas em altas concentracoes no controle da sarna da macieira | |
| 246 | 1 | _aEfficiency of massive-rate fungicide application on apple scab control | |
| 650 | _aFUNGICIDA | ||
| 650 | _aSARNA DE PLANTA | ||
| 650 | _aMACA | ||
| 773 | 0 |
_tFitopatologia Brasileira (Brazil) _xISSN 0100-4158 _g(Apr 1988), v. 13(1) p. 15-20 _wBR8805330 |
|
| 909 |
_a202311 _bLúcia _c55 _dLúcia Elande |
||
| 942 |
_2AGRIS _n0 _cANA |
||
| 999 |
_c124150 _d124150 |
||